000 00384nam a22001217a 4500
999 _c2337
_d2337
005 20200914103702.0
008 200914b ||||| |||| 00| 0 eng d
020 _a0706236653
040 _cCML
245 _aPractical Classroom Organization in the Primary School.
_cBassey, M.
260 _aLondon
_bWard Lock Education
_c1978
942 _2ddc
_cBK
_e1st Edition
_h371
_mBAS